Reminiscences/ (Record no. 6955)

MARC details
000 -LEADER
fixed length control field 00517nam a22001817a 4500
003 - CONTROL NUMBER IDENTIFIER
control field OSt
005 - DATE AND TIME OF LATEST TRANSACTION
control field 20251205073530.0
008 - FIXED-LENGTH DATA ELEMENTS--GENERAL INFORMATION
fixed length control field 251205b |||||||| |||| 00| 0 eng d
020 ## - INTERNATIONAL STANDARD BOOK NUMBER
International Standard Book Number 971-118-122-3.
040 ## - CATALOGING SOURCE
Original cataloging agency DWCL-Main lib.
Transcribing agency OC
082 ## - DEWEY DECIMAL CLASSIFICATION NUMBER
Classification number Fil. 920 F333 1992
100 ## - MAIN ENTRY--PERSONAL NAME
Personal name Feng, Zhen Yan
245 ## - TITLE STATEMENT
Title Reminiscences/
Statement of responsibility, etc. Zhen Yan Feng
260 ## - PUBLICATION, DISTRIBUTION, ETC.
Place of publication, distribution, etc. Manila :
Name of publisher, distributor, etc. De La Salle University Press,
Date of publication, distribution, etc. c1992.
300 ## - PHYSICAL DESCRIPTION
Extent 119 p. ;
Dimensions 23 cm.
650 ## - SUBJECT ADDED ENTRY--TOPICAL TERM
Topical term or geographic name entry element Zhen Yan Feng-Biography.
942 ## - ADDED ENTRY ELEMENTS (KOHA)
Source of classification or shelving scheme Dewey Decimal Classification
Koha item type Book-Filipiniana
Classification part Fil.
Suppress in OPAC No

No items available.